000 00682cam a22002413a 4500
001 18393
003 PGUSA
005 20140828083406.0
008 060515s2006||||xxu|||||s|||||000 1 eng d
040 _aPGUSA
_beng
042 _adc
050 4 _aPT
100 1 _aAhrenberg, Jacob,
_d1847-1914
245 1 0 _aHaapakoskelaiset :
_bRomaani Itä-Suomesta
_h[electronic resource] /
_cJacob Ahrenberg
260 _bProject Gutenberg,
_c2006
506 _aPublic domain in the USA.
516 _aElectronic text
653 _aFiction
700 1 _aSuppanen, Aatto,
_d1855-1898
830 0 _aProject Gutenberg
_v18393
856 4 0 _uhttp://www.gutenberg.org/ebooks/18393
942 _cEB
999 _c247648
_d247648